Gentes y gentecillas

Gespeichert in:
Bibliographische Detailangaben
1. Verfasser: Fallas, Carlos Luis
Format: Buch
Sprache:Undetermined
Veröffentlicht: San José, Costa Rica Editorial Costa Rica 1975
Ausgabe:4
Schlagworte:
Tags: Tag hinzufügen
Keine Tags, Fügen Sie den ersten Tag hinzu!

MARC

LEADER 00000nam a2200000Ia 4500
008 170316s9999 xx 000 0 und d
040 |a cru BVZT 
090 |a 868 F-2g 
100 |a Fallas, Carlos Luis 
245 |a Gentes y gentecillas 
250 |a 4 
260 |a San José, Costa Rica 
260 |b Editorial Costa Rica 
260 |c 1975 
300 |a 465páginas 
650 |a LITERATURA COSTARRICENSE 
942 |c 15 D 
999 |c 11026  |d 11026